Wissen - Glaube - Aberglauben
| Main Author: | |
|---|---|
| Format: | Print Book |
| Language: | German |
| Published: |
Bochum
Brockmeyer
1992
|
| In: |
Schriftenreihe praktische Psychologie (15)
Year: 1992 |
| Online Access: |
Table of Contents |
| Availability in Tübingen: | Present in Tübingen. IFK: C XV 86 |
| Check availability: | HBZ Gateway |
| Subito Delivery Service: | Order now. |
| Keywords: |
MARC
| LEADER | 00000cam a2200000 c 4500 | ||
|---|---|---|---|
| 001 | 273878638 | ||
| 003 | DE-627 | ||
| 005 | 20260206201804.0 | ||
| 007 | tu | ||
| 008 | 990101s1992 xx ||||| 00| ||ger c | ||
| 015 | |a 92,N44,0449 |2 dnb | ||
| 015 | |a 92,N44,0449 |2 dnb | ||
| 016 | 7 | |a 921406118 |2 DE-101 | |
| 020 | |a 3819600612 |9 3-8196-0061-2 | ||
| 035 | |a (DE-627)273878638 | ||
| 035 | |a (DE-603)022133135 | ||
| 035 | |a (DE-576)030829321 | ||
| 035 | |a (DE-599)GBV273878638 | ||
| 035 | |a (OCoLC)311605035 | ||
| 035 | |a (OCoLC)311605035 | ||
| 040 | |a DE-627 |b ger |c DE-627 |e rakwb | ||
| 041 | |a ger | ||
| 084 | |a 61 |2 sdnb | ||
| 084 | |a 1 |2 ssgn | ||
| 084 | |a CP 9400 |2 rvk |0 (DE-625)rvk/19000: | ||
| 084 | |a LC 30000 |2 rvk |0 (DE-625)rvk/90640:772 | ||
| 245 | 0 | 0 | |a Wissen - Glaube - Aberglauben |c red. bearb. von Harald Petri |
| 264 | 1 | |a Bochum |b Brockmeyer |c 1992 | |
| 300 | |a 243 S |b Ill., graph. Darst | ||
| 336 | |a Text |b txt |2 rdacontent | ||
| 337 | |a ohne Hilfsmittel zu benutzen |b n |2 rdamedia | ||
| 338 | |a Band |b nc |2 rdacarrier | ||
| 490 | 1 | |a Schriftenreihe praktische Psychologie |v 15 | |
| 583 | 1 | |a Archivierung/Langzeitarchivierung gewährleistet |c 20211213 |f SLG |x XA-DE-BW |z IGPP |2 pdager |5 DE-25 | |
| 650 | 0 | 7 | |0 (DE-588)4066559-8 |0 (DE-627)106113100 |0 (DE-576)209165111 |a Wissen |2 gnd |
| 650 | 0 | 7 | |0 (DE-588)4071867-0 |0 (DE-627)104707917 |0 (DE-576)209185139 |a Glaube |2 gnd |
| 650 | 0 | 7 | |0 (DE-588)4000096-5 |0 (DE-627)106402110 |0 (DE-576)208836942 |a Aberglaube |2 gnd |
| 650 | 0 | 7 | |0 (DE-588)4044631-1 |0 (DE-627)106204823 |0 (DE-576)209061685 |a Parapsychologie |2 gnd |
| 655 | 7 | |a Konferenzschrift |y 1991 |z Mannheim |0 (DE-588)1071861417 |0 (DE-627)826484824 |0 (DE-576)433375485 |2 gnd-content | |
| 689 | 0 | 0 | |d s |0 (DE-588)4066559-8 |0 (DE-627)106113100 |0 (DE-576)209165111 |a Wissen |2 gnd |
| 689 | 0 | 1 | |d s |0 (DE-588)4071867-0 |0 (DE-627)104707917 |0 (DE-576)209185139 |a Glaube |2 gnd |
| 689 | 0 | 2 | |d s |0 (DE-588)4000096-5 |0 (DE-627)106402110 |0 (DE-576)208836942 |a Aberglaube |2 gnd |
| 689 | 0 | |5 DE-101 | |
| 689 | 1 | 0 | |d s |0 (DE-588)4044631-1 |0 (DE-627)106204823 |0 (DE-576)209061685 |a Parapsychologie |2 gnd |
| 689 | 1 | |5 DE-101 | |
| 700 | 1 | |a Petri, Harald |e Red. |4 adp | |
| 830 | 0 | |a Schriftenreihe praktische Psychologie |v 15 |9 15 |w (DE-627)130256773 |w (DE-576)015820254 |w (DE-600)554978-4 |x 0176-196X |7 am | |
| 856 | 4 | 2 | |u http://d-nb.info/921406118/04 |m V:AT-OBV |q application/pdf |v 20130501 |x Verlag |3 Inhaltsverzeichnis |7 1 |
| 935 | |a RFBW |a mteo | ||
| 935 | |i Blocktest | ||
| 936 | r | v | |a CP 9400 |b Parapsychologie |k Psychologie |k Allgemeine Psychologie |k Parapsychologie |0 (DE-627)1271562510 |0 (DE-625)rvk/19000: |0 (DE-576)201562510 |
| 936 | r | v | |a LC 30000 |b Darstellung ohne geografischen Bezug |k Sozial- und Kulturanthropologie. Empirische Kulturwissenschaft |k Religionsethnologie |k Religion - Allgemeines, Theoretisches, Zusammenfassendes |k Darstellung ohne geografischen Bezug |0 (DE-627)1270820532 |0 (DE-625)rvk/90640:772 |0 (DE-576)200820532 |
| 936 | s | n | |a c200 |2 mzub |
| 936 | s | n | |a l100 |2 mzub |
| 936 | s | n | |a r100 |2 mzub |
| 951 | |a BO | ||
| ELC | |b 1 | ||
| LOK | |0 000 xxxxxcx a22 zn 4500 | ||
| LOK | |0 001 3150427495 | ||
| LOK | |0 003 DE-627 | ||
| LOK | |0 004 273878638 | ||
| LOK | |0 005 20020607000000 | ||
| LOK | |0 008 940211||||||||||||||||ger||||||| | ||
| LOK | |0 040 |a DE-21-110 |c DE-627 |d DE-21-110 | ||
| LOK | |0 852 |a DE-21-110 | ||
| LOK | |0 852 1 |c C XV 86 |m p |9 00 | ||
| LOK | |0 935 |a k110 | ||
| LOK | |0 936ln |a 9.10 | ||
| LOK | |0 938 |k p | ||
| LOK | |0 939 |a 11-02-94 |b l01 | ||
| ORI | |a SA-MARC-krimdoka001.raw | ||
| SIG | |a IFK: C XV 86 | ||
| TIM | |a 100019910101_100019911231 |b 1991 - 1991 | ||
